000 00545nam a2200193Ia 4500
005 20250508164452.0
008 008 250505s9999 xx 000 0 hin d
037 _aTextual
040 _aFEDL
_beng
_cFEDL
041 _ahin
_2hin
084 _a303.4833, NIG
_qFEDL
100 _aNigam B S
_9451715
245 0 _aSoochna sampreshion avam samaj
260 _aBhopal, India
_bMadhya Pardesh Hindi Granth Academy
_c1994
300 _a122p.
365 _aINR
_b25
942 _cTEXL
_h303.4833, NIG
999 _c1389290
_d1389290